Missing Word: Harry Potter Chapters Book 3 Quiz Stats

 Plays Quiz Updated Apr 7, 2019

Score 0/18 Timer 03:00
0 Plays Today
Chapter Title Missing Word % Correct
The ____ CauldronLeaky
93.2%
Gryffindor ____ RavenclawVersus
90.4%
The Knight ____Bus
90.2%
The ____ MapMarauder's
86.8%
____ PostOwl
84.8%
Flight of the ____ LadyFat
84.2%
____, Wormtail, Padfoot and ProngsMoony
81.8%
The Dementor's ____Kiss
81.5%
Cat, Rat and ____Dog
79.2%
Chapter Title Missing Word % Correct
The ____ in the WardrobeBoggart
73.3%
Aunt Marge's Big ____Mistake
65%
Hermione's ____Secret
61.2%
The ____ FinalQuidditch
59.5%
Professor Trelawney's ____Prediction
53.5%
The ____ of Lord VoldemortServant
48.6%
____ and Tea LeavesTalons
43.4%
____ GrudgeSnape's
38.4%
Grim ____Defeat
34.2%

Today's Daily Dose

Missing Word
1940s A-Z

Quick Pick
'S' Athletes

Get the Picture
Depp or Bonham Carter

You're not logged in!

Compare scores with friends on all Sporcle quizzes.
OR
Log In

Sporcle TV

Today on Sporcle TV


Watch our educational content, quiz creation guides, and fun videos on Sporcle TV.

Show Comments

Extras

Top Quizzes Today


Score Distribution

Your Account Isn't Verified!

In order to create a playlist on Sporcle, you need to verify the email address you used during registration. Go to your Sporcle Settings to finish the process.

Report this User

Report this user for behavior that violates our Community Guidelines.

Details: